[Event "WchT 4th"]
[Site "Luzern"]
[Date "1997.10.25"]
[Round "1.2"]
[White "Svidler, Peter"]
[Black "Rodriguez Cespedes, Amador"]
[Result "1-0"]
[WhiteElo "2660"]
[BlackElo "2545"]
[Annotator "Svidler,P"]
[PlyCount "49"]
[EventDate "1997.10.25"]
[EventType "team-tourn"]
[EventRounds "9"]
[EventCountry "SUI"]
[SourceTitle "CBM 062"]
[Source "ChessBase"]
[SourceDate "1998.01.31"]
[SourceVersion "1"]
[SourceVersionDate "1998.01.31"]
[SourceQuality "1"]
[WhiteTeam "Russia"]
[BlackTeam "Cuba"]
[WhiteTeamCountry "RUS"]
[BlackTeamCountry "CUB"]

{I decided to annotate this game for a few reasons. The first and foremost was,
of course, my laziness, because of which I like annotating my short games more
than long and somebody else's. Secondly, it was the very first victory of the
tournament. And finally, it is (or rather could be) quite interesting.} 1. e4 {
Winants Ftacnik} c5 2. Nf3 e6 3. d4 cxd4 4. Nxd4 Nf6 5. Nc3 Bb4 {This did not
exactly cheer me up, since I've looked at this line when I was a kid and
decided that it was pretty bad for Black (and it's probably true) and never
had a look at it again.} 6. e5 Nd5 7. Bd2 (7. Qg4 {Winants} O-O 8. Bh6 g6 9.
Bxf8 Qxf8 10. Qg3 Qc5 11. Nde2 Nc6 12. O-O-O Nxc3 13. Nxc3 Bxc3 14. Qxc3 Qxc3
15. bxc3 Nxe5 {1/2-1/2 Rodriguez,A-Speelman,J/WchT-U26 Mexico 1980 (36)}) 7...
Nxc3 8. bxc3 Be7 9. Qg4 O-O {While 9...Kf8, 9...g6 and even 9...g5 were all
tried before, 9...0-0 is the only manly move at Black's disposal. Up to this
point I almost didn't think at all, being sure it was the main line, but when
Amador played 9...0-0, I stopped and tried to remember what I was supposed to
do. Were there any alternatives to 10.Bh6? If not, should White go for the
king or just take on f8? After realizing that I basically have no clue, I
decided that the team will be happier seeing me with an exchange up, and opted
for} (9... Kf8 {Winants} 10. Bd3 d6 11. f4 Nd7 12. O-O Nc5 13. f5 dxe5 14. fxe6
Bf6 15. Rxf6 Qxf6 (15... gxf6 16. Bh6+ Ke8 17. Bb5+ Ke7 18. Nf5+ Kxe6 19. Bc4+
Kd7 20. Rd1+) 16. Bg5 $18 {Richter-Koch/Berlin 1950}) (9... g6 {Winants} 10.
Bd3 Nc6 11. Nxc6 bxc6 12. h4 $16 {van den Berg-van Scheltinga/Ned ch 1952}) 10.
Bh6 g6 11. Bxf8 $6 ({I had a guts feeling that} 11. h4 {is very strong, and
indeed it was, but I reasoned that if Amador played this line, he must have
something up his sleeve there, and the team competition is not a place to seek
enlightning. Those who like bloodshed and violence may consult ECO or, if
they're into stylish prose as well, John Nunn's treatise 'How to beat the
Sicilian, for the details of this starightforward approach. Here is a sample:}
d6 12. h5 Qa5 13. Nb5 a6 14. hxg6 fxg6 15. Bxf8 axb5 16. Rxh7 $3 Qxc3+ 17. Kd1
Kxh7 18. Bd3 Qxd3+ 19. cxd3 Bxf8 20. Qh4+ Kg8 21. Qf6 $16 {Pinkas-Trefny,
Czech Republic 1993}) 11... Bxf8 12. Qg3 {I had vaguely remembered that when I
looked at this position about eight years ago, I felt that this move gives
White an edge. After trying it, though, I would prefer something else, for
instance >< Pc3,e5} (12. Bd3 Qa5 13. O-O {(Take it back!)} Qxe5 14. f4 {
, and even though Black sometimes holds this position, my general impression
is that White is better.} (14. f4 {Winants} Qc5 15. f5 exf5 16. Bxf5 Nc6 17.
Rae1 Ne5 18. Qf4 Bg7 19. Bxd7 Bxd7 20. Rxe5 Bxe5 21. Qxf7+ Kh8 22. Qxd7 Qxc3 {
1/2-1/2 Zhang Zhong-Van Wely,L/4th ST Lee Cup 1997 (73)})) 12... Qa5 {After
this reply I started suspecting that everything is not exactly fine and dandy,
since natural moves like 13.Bc4 run into 13...Bg7 14.f4 d6!, and not only the
e5 pawn gets lost, but White also fails get anything for it.} (12... d6 {
Ftacnik} 13. Be2 (13. exd6 Bxd6 14. Qe3 Qf6 15. Qf3 Qe7 16. Bc4 Nd7 17. Bb3 Nc5
18. O-O Bd7 19. Rad1 Rc8 20. Rfe1 Qg5 21. Nxe6 Bxh2+ 22. Kxh2 Bxe6 23. Rd4 {
1-0 Sideris,N-Psaras,S/Nikea op 1985 (30)}) (13. Rd1 {Winants}) 13... Qa5 14.
Nb3 Qxe5 15. Qxe5 dxe5 16. Rd1 f5 17. Bb5 b6 18. Rd8 Bb7 19. O-O a6 20. Bc4 Kf7
21. Bxe6+ Kxe6 22. Rxf8 Nd7 23. Rxa8 Bxa8 24. f3 {1-0 Strobel,W-Seibt,F/BL
1983 (37)}) (12... Bg7 {Ftacnik} 13. f4 d6 14. Rd1 Nd7 15. exd6 Nf6 16. Be2 Nd5
17. O-O Qxd6 18. Kh1 Qe7 19. c4 Nb6 20. Qg5 Bf6 21. Qa5 Bd7 22. Bf3 Be8 23. c5
Nc4 24. Qc3 Qxc5 25. Bxb7 Rd8 26. Nxe6 {1-0 Van der Wiel,J-Bosch,J/NLD-ch 1994
(37)}) 13. f4 {is the only move that does not lose anything right away.} (13.
Be2 {Ftacnik} Bg7 14. f4 d6 15. Nb3 Qc7 16. Rd1 dxe5 17. O-O Nc6 18. Kh1 b6 19.
Rf3 Bb7 20. Rfd3 exf4 21. Qh4 Ne5 22. Qxf4 Rc8 {1/2-1/2 Strobel,W-Markmann,U/
BL 1983 (28)}) 13... d6 (13... Bg7 {Winants} 14. Rd1 (14. Nb3 Qc7 15. Rd1)
14... Qxa2 15. Nb5) 14. exd6 (14. Nb3 {Ftacnik} Qc7 $14) 14... Bxd6 (14... Bg7
{Winants} 15. Rd1) 15. Rd1 {Vainly trying to hinder Black's development and
defending against the threat of 14...Bxf4.} e5 $6 {Black understandably wants
to open the centre, but his idea meets a tactical refutation. Much better was
the natural developing move Ftacnik: Serious strategical mistake even though
the prove is done with a help of tactics. Black neglscts his development and
will be duly punished. Ftacnik: Ein ernsthafter taktischer Fehler. Schwarz
ignoriert seine Entwicklung und wird logischeweise bestraft.} (15... Nd7 $1 {
,and after the almost forced} 16. Nxe6 {Black calmly proceeds with his
manouevre:} (16. Bc4 Bxf4) (16. Bb5 Nf6 $15) 16... Nf6 $1 {Now White can
choose between} {and} 17. Rxd6 (17. Ng5 Bc5 (17... Qc7 $5 {is also possible:}
18. Qd3 Bxf4 19. Qd8+ Kg7 $44) 18. Bc4 Bf5 19. Bxf7+ Kg7 {with dangerous
compensation for the material}) 17... Bxe6 18. Rd4 (18. Rxe6 fxe6 19. Bc4 Qc5
$1 20. Bxe6+ Kh8 $36) 18... Re8 19. Kd2 Bxa2 $1 (19... Bf5 20. Bd3 Nd5 21. Bxf5
Re3 22. Qxe3 Nxe3 23. Be4 Ng4 24. Bxb7 $16) 20. Bd3 Rc8 {, which is no fun
either, to say the least.}) (15... Be7 {Ftacnik} 16. Be2 (16. Bc4 Bh4 17. Qxh4
Qxc3+ 18. Rd2 Qxc4 19. Qe7 Nd7 $13) 16... Qxa2 17. O-O $14) (15... Qxa2 {
Winants} 16. Nb5 $18) 16. Nb5 exf4 $2 {This move does not belong here at all
and loses simply. Black had to play} (16... Bc5 {, and after} {but} 17. Bc4 $1
{seems to give White a big edge, e.g.} (17. Rd5 Na6 $1 {(it's verty important
to keep the light-squared bishop free, so 17...Nd7 is out of the question)} 18.
Rxe5 Qxa2) ({or} 17. fxe5 Be6 $1 {is still very unclear:} (17... Nc6 $6 18. Bc4
Be6 19. Bxe6 fxe6 20. Nd6 Bd4 21. Ne4 $1 Rf8 22. Rf1 Rxf1+ 23. Kxf1 Bxe5 24.
Qg4 $16) 18. Nd4 Bxd4 (18... Nc6 19. Nxe6 fxe6 20. Bc4 $16) 19. Rxd4 Nc6 20.
Rd2 Bxa2 $44 {Black seems to be doing OK}) 17... Be6 (17... Nc6 18. fxe5 {
returns to 17.fxe5 Nc6}) (17... a6 18. Nd6 Bxd6 19. Rxd6 $18) 18. Bxe6 fxe6 19.
Qh3 $1 Qxb5 20. Qxe6+ Kg7 21. Qxe5+ Kf7 (21... Kh6 22. Rd3 $18) 22. Rd6 $1 Na6
23. Qe6+ Kf8 24. Rd7 $18) 17. Qg5 Bf8 $8 (17... Bc7 {Ftacnik} 18. Qe7 Na6 (
18... Nd7 {Winants} 19. Bc4 Ne5 20. Qxc7) 19. Bc4 $18) 18. Bc4 $1 {/\ 19.Qf6 /
\ 19.Bxf7 (ףa5)} (18. Qxf4 Be6 19. Nc7 Qxc3+ 20. Rd2 Bh6 $1 {was Black's idea,
but White's move prevents any such inconvinience.}) 18... Qb6 {The Black's
choise is not too wide here. White is threatening 19.Bxf7 Kxf7 20.Nd6Bxd6 21.
Qxa5, and after} (18... Nc6 19. Qf6 (19. Qxf4 Bf5 20. O-O {is also very good})
(19. O-O {Ftacnik} Be6 20. Qxf4 $16) 19... Be6 20. Bxe6 fxe6 21. Rd7 Be7 22.
Qxe6+ Kh8 23. Rxb7 {White is just winning.}) (18... Be6 {Winants} 19. Bxe6 fxe6
20. Rd8 $18) 19. Qxf4 Be6 (19... Bf5 {Ftacnik} 20. Nc7 $18) 20. Nc7 Bxc4 21.
Qxc4 (21. Nxa8 {Ftacnik} Qe6+ 22. Kf2 Bc5+ 23. Kg3 $18) 21... Qe3+ 22. Kf1 Bc5
{Even 23.Qh4 probably wins here, but White has an easier way. Ftacnik: Black
can not lose anything more. Ftacnik: Schwarz hat nichts mehr zu verlieren.} (
22... b5 {Ftacnik} 23. Qd4 $18) 23. Rd8+ (23. Qe2 $2 {Winants} Qf4+ 24. Qf3
Qxc7 $19) 23... Kg7 (23... Bf8 {Ftacnik} 24. Re8 Qc1+ 25. Re1 Qxc2 26. Nxa8 $18
) 24. Ne8+ Kf8 (24... Kh6 {Ftacnik} 25. Qh4#) 25. Nd6+ {Black resigned as he
either loses the queen or gets mated.} (25. Nd6+ {Ftacnik} Kg7 (25... Ke7 26.
Re8+ Kxd6 27. Rxe3 $18 (27. Rxe3 Bxe3 28. Qd3+)) {mat en six coups:} 26. Rg8+
$1 (26. Qxf7+ Kh6 27. Re8 $18) 26... Kf6 (26... Kxg8 27. Qxf7+ Kh8 28. Qf8#) (
26... Kh6 27. Qh4#) 27. Qxf7+ Ke5 (27... Kg5 {Winants} 28. Qf5+ $1 Kh4 (28...
Kh6 29. Nf7#) 29. g3+ Qxg3 30. hxg3+ Kxg3 {Winants: et la Tour quitte enfin sa
case initiale pour asséner le coup de graâce:} 31. Rh3# ({alors que} 31. Ne4# {
serait moins cavalier})) 28. Nc4+ Ke4 29. Re8+ Be7 30. Rxe7#) 1-0

[Event "EU-ch 2nd"]
[Site "Ohrid"]
[Date "2001.06.13"]
[Round "12"]
[White "Tiviakov, Sergei"]
[Black "Timoshenko, Georgy"]
[Result "1/2-1/2"]
[WhiteElo "2603"]
[BlackElo "2537"]
[Annotator "Tiviakov,S"]
[PlyCount "27"]
[EventDate "2001.06.01"]
[EventType "swiss"]
[EventRounds "13"]
[EventCountry "YUG"]
[SourceTitle "CBM 084"]
[Source "ChessBase"]
[SourceDate "2001.09.13"]
[SourceVersion "1"]
[SourceVersionDate "2001.09.13"]
[SourceQuality "1"]

1. e4 c5 2. Nc3 Nc6 3. Nf3 e6 4. Be2 Nf6 5. O-O Qb6 $1 (5... d5 6. exd5 Nxd5 (
6... exd5 7. d4 $14) 7. d4 $14 (7. Bb5 $5 $14)) (5... d6 6. d4) (5... Be7 6. d4
) 6. h3 $146 {[/\e5]} (6. Re1 d6 (6... Be7 7. e5 Ng4 8. Bb5 $14 (8. Bc4 $5)) 7.
b3 (7. a3 $5 {/\Rb1, b4}) 7... Be7 8. Bb2 O-O 9. Bf1 Bd7 10. Nb5 (10. Na4 $5
Qc7 11. c4) 10... Ng4 (10... a6 11. Nxd6 Bxd6 12. e5 $14) 11. c4 Nge5 12. Nc3
$13 Rad8 13. d3 Nxf3+ 14. Qxf3 Nd4 15. Qd1 Bc6 16. Ne2 e5 17. Nc3 f5 18. Nd5
Bxd5 19. exd5 Rde8 20. Bxd4 cxd4 21. Qc2 Bf6 22. Rab1 Qb4 23. g3 Bd8 24. Qb2 e4
25. Qxd4 Bb6 26. Qb2 e3 27. fxe3 Rxe3 28. Rxe3 f4 29. gxf4 Bxe3+ 30. Kh1 Rxf4
31. Qe2 Qb6 32. Re1 h6 33. Qxe3 Rxf1+ 34. Kg2 Rxe1 35. Qxe1 Qd8 36. Qe6+ Kh8
37. Qg6 Kg8 38. b4 Kh8 39. d4 Qe7 40. Kf3 Qh4 41. Qe8+ Kh7 42. Qe4+ Qxe4+ 43.
Kxe4 {1-0 Stefansson,H-Arnason,J/Grundarfjordur 1986/EXT 2000 (43)}) (6. a3 a6
(6... Be7 $5) 7. Rb1 Qc7 (7... Be7) 8. d4 cxd4 9. Nxd4 Nxd4 10. Qxd4 Bc5 11.
Qd3 b5 $11 12. b4 Be7 13. f4 Bb7 14. e5 Nd5 15. Nxd5 Bxd5 16. Qg3 g6 17. Bd3
Bc4 18. Be3 a5 19. Bd4 axb4 20. axb4 Ra4 21. c3 Qc6 22. Rbd1 Bxd3 23. Qxd3 O-O
24. Ra1 Rfa8 25. Rxa4 Rxa4 26. Qf3 Ra6 27. Qxc6 Rxc6 28. Ra1 Rc4 29. Rd1 Rc6
30. Ra1 Rc4 {1/2-1/2 Nikolenko,O-Kharlov,A/Moscow 1998/EXT 99 (30)}) 6... d6 7.
a3 (7. b3 Be7 8. Bb2 O-O $11) 7... Be7 8. Rb1 (8. b4 $5 cxb4 9. axb4 Nxb4 10.
Ba3 $44 (10. d4 $44)) 8... a6 $5 (8... Qc7 9. d4 cxd4 10. Nxd4 $14) (8... O-O
9. b4 $13) 9. b4 Qc7 (9... O-O 10. bxc5 Qxc5 11. Na4 $14 {/\Nb6}) (9... cxb4
10. axb4 $14) 10. b5 (10. bxc5 dxc5 $11) 10... axb5 (10... Nd4 $5) 11. Nxb5 Qd8
12. d3 O-O 13. c3 b6 $11 14. Qc2 1/2-1/2

[Event "Las Palmas op"]
[Site "Las Palmas"]
[Date "1996.??.??"]
[Round "6"]
[White "Galego, Luis"]
[Black "Vaisser, Anatoli"]
[Result "0-1"]
[WhiteElo "2435"]
[BlackElo "2565"]
[Annotator "Vaisser,A"]
[PlyCount "46"]
[EventDate "1996.11.??"]
[EventType "swiss"]
[EventRounds "9"]
[EventCountry "ESP"]
[SourceTitle "CBM 057"]
[Source "ChessBase"]
[SourceDate "1997.04.01"]
[SourceVersion "1"]
[SourceVersionDate "1997.04.01"]
[SourceQuality "1"]

1. e4 c5 2. Nf3 e6 3. g3 b6 4. Bg2 Bb7 5. Qe2 Nf6 (5... d5) (5... d6) 6. d3 (6.
e5 $5) 6... d5 (6... d6) 7. e5 Nfd7 8. O-O Qc7 9. Bf4 $6 (9. c4 $5 d4 10. Re1
Nc6 11. Na3 a6 12. Nc2 g6 $5 13. Bf4 h6 14. h4 Bg7 $13) 9... Be7 10. h4 (10. c4
$5) 10... Nf8 $1 11. h5 h6 12. Nh2 $6 Nc6 13. Ng4 O-O-O 14. Nd2 $2 {[#]} (14.
c3 Bg5 $15 (14... g5 $6 15. Bd2)) 14... g5 $1 15. hxg6 Nxg6 16. Bxh6 Nd4 $1 (
16... Ncxe5 $2 17. Bg7) 17. Qd1 Nf5 18. Bf4 (18. Be3 d4) 18... Nxf4 19. gxf4
Rdg8 $19 20. Re1 (20. c3 Qd8 $1 21. f3 (21. Re1 Rxg4 22. Qxg4 Rg8 23. Qh5 Nh4
$19) 21... Bh4 22. Qa4 Bg3 23. Nf6 Ne3 $19) 20... Rh4 21. f3 c4 $1 22. c3 cxd3
23. b4 Rgxg4 $1 (23... Rgxg4 24. fxg4 Bc5+ 25. bxc5 Qxc5+ 26. Kf1 Ng3#) (23...
Bc5+ $1 24. bxc5 (24. Nf2 Bxf2+ 25. Kxf2 Rh2 26. Rg1 Qe7 $19) 24... Qxc5+ 25.
Nf2 Rh1+ $1 26. Kxh1 Qxf2 $19) 0-1

[Event "Dubai op"]
[Site "Dubai"]
[Date "2001.04.16"]
[Round "2"]
[White "Volzhin, Alexander"]
[Black "Filippov, Valerij"]
[Result "0-1"]
[WhiteElo "2528"]
[BlackElo "2632"]
[Annotator "Volzhin,A"]
[PlyCount "50"]
[EventDate "2001.04.15"]
[EventType "swiss"]
[EventRounds "9"]
[EventCountry "UAE"]
[SourceTitle "EXT 2004"]
[Source "ChessBase"]
[SourceDate "2003.11.25"]
[SourceVersion "1"]
[SourceVersionDate "2003.11.25"]
[SourceQuality "1"]

1. e4 c5 2. Nf3 e6 3. d3 Nc6 4. c3 d5 5. Qe2 b6 $5 {A very rare line.} 6. g3
Ba6 7. e5 $1 (7. Qc2 dxe4 8. dxe4 Bxf1 9. Kxf1 Nf6 $11 10. Qa4 $140 $2 Qd3+ 11.
Kg2 Qxe4) 7... Qc7 ({Black could transpose to a well-known position after} 7...
g6 8. Bg2 Bg7 9. O-O Qc7 10. Re1 h6 11. h4 Nge7 {but he wanted to try a new
idea.}) 8. Bg2 Nge7 9. O-O h6 10. h4 g5 $6 {An extremely risky decision.} (
10... g6 $14) 11. hxg5 hxg5 12. Bxg5 Bg7 13. Re1 Ng6 14. c4 $1 {The refutation
is not difficult.} ({Black hoped for} 14. Bf6 Bxf6 15. exf6 O-O-O $13) ({or} 
14. Bf4 $6 Nxf4 15. gxf4 O-O-O $44 {with excellent counterplay in both cases.})
14... Ncxe5 15. Nc3 $1 $16 O-O $8 16. Nxe5 Qxe5 17. Qh5 $1 (17. Qd2 $16) 17...
Qf5 18. Bh3 $5 {Launcing direct attack over black king.} ({After the game my
opponent showed another way for a win:} 18. cxd5 $1 f6 $8 (18... exd5 19. Bh3
Qxd3 20. Bf1 $18) (18... Bf6 19. Ne4 $18) 19. Rxe6 Qxg5 20. Qxg5 fxg5 21. Rxg6
Bxd3 22. Rxg5 Kh7 23. Rd1 c4 24. Be4+ Bxe4 25. Nxe4 Bxb2 26. Kg2 $18 {Filippov}
) 18... Qxd3 19. Rad1 (19. cxd5 $2 Ne5 $1 20. Rad1 $140 Qf3 $1) 19... Qxc4 20.
Rxe6 $1 $40 {The point. Now all White's pieces participate in the attack.} (20.
Bf1 $6 Qb4 21. Bxa6 Qxb2 {looks good for Black.}) 20... d4 $8 {The
alternatives lose quickly:} (20... fxe6 $2 21. Bxe6+ Rf7 22. Qxg6 Raf8 23. Bf6
$18) (20... Bb7 21. Rxg6 fxg6 22. Be6+ Rf7 23. Qxg6 Raf8 24. Bf6 $18) (20...
Bc8 21. Bf1 Qxf1+ 22. Kxf1 Bxe6 23. Nxd5 $18) 21. Ne4 $1 Rae8 {The only move
again.} (21... fxe6 22. Qxg6 $18 Qe2 23. Nf6+ Rxf6 24. Bxf6 Qxd1+ 25. Kh2) (
21... Bb7 22. Nf6+ Bxf6 23. Rxf6 Ne5 (23... Be4 24. Be6 fxe6 (24... Qxe6 25.
Rxe6 fxe6 26. Re1 Bf5 27. Rxe6 $18) 25. Rxg6+ Bxg6 (25... Kf7 26. Qh7+ Ke8 27.
Qe7#) 26. Qxg6+ Kh8 27. Qh5+ Kg8 28. Bh6 $18) (23... Qd5 24. Rxg6+ fxg6 25.
Qxg6+ Kh8 26. Qh6+ Kg8 27. Be6+ $18) 24. Rh6 Nf3+ 25. Qxf3 Bxf3 26. Bf6 $18) (
21... Qd5 22. Nf6+ Bxf6 23. Rxf6 $18 Rae8 24. Bf5 Qxf5 25. Rxf5 Be2 26. Qh6)
22. Nd6 $4 {Spoiling a nice game.} (22. Rxe8 $6 Rxe8 23. Nd6 Qa4 24. Nxe8 Qxe8
$44 {is not good for White also}) ({but natural} 22. Nf6+ $1 Bxf6 23. Rxf6 $18
{gave White unstoppable attack, for example:} Qe2 24. Bg4 Qe5 25. Bf5 $1 Be2
26. Qh6 Bxd1 27. Bxg6 Qe1+ 28. Kh2) 22... Qxe6 $1 $19 {Now Black obtains
decisive material advantage.} 23. Bxe6 Rxe6 {(threatening 24...Be2)} 24. Rd2
Rxd6 25. f4 f5 $1 0-1

[Event "San Francisco Mechanics"]
[Site "San Francisco"]
[Date "1998.07.12"]
[Round "3"]
[White "Soltis, Andrew E"]
[Black "Christiansen, Larry Mark"]
[Result "1/2-1/2"]
[WhiteElo "2410"]
[BlackElo "2575"]
[Annotator "Wells,P"]
[PlyCount "91"]
[EventDate "1998.07.10"]
[EventType "tourn"]
[EventRounds "9"]
[EventCountry "USA"]
[EventCategory "10"]
[SourceTitle "CBM 066"]
[Source "ChessBase"]
[SourceDate "1998.09.30"]
[SourceVersion "1"]
[SourceVersionDate "1998.09.30"]
[SourceQuality "1"]

1. e4 c5 2. Nf3 e6 3. d3 Nc6 4. g3 g6 5. Bg5 $5 {How many variations began as
specialities of Oleg Romanishin before going on to attain a wider appeal? The
list is impressive, and it is easy to understand the attraction of this
attempt to disrupt black's development. Not so clear is why black shows such a
limited appetite for the 'theoretical antidote'.} Qb6 $6 {Looks risky. Since
1996, theory has recommended} (5... f6 $5 6. Be3 d5 7. exd5 (7. c3 $6 d4 8. Bd2
e5 9. Qb3 Qe7 10. cxd4 cxd4 11. Na3 Be6 12. Nc4 Rb8 13. a4 Bh6 {1/2-1/2
Morozevich,A-Cherniaev,A/Chigorin mem open, St Petersburg RUS 1997. White did
well to make the position of the bishop on d2 look more like a virtue than a
vice, but in any case black's ...g6 is by no means sufficiently out of place
to justify white's loss of tempi.}) 7... exd5 8. Bg2 (8. d4 $5 {is the move
white would like to play, hoping to reach an I.Q.P. position where black's
moves ...f6 and ...g6 would look decidedly out of place. The problem is that
pressure on d4 after} Bg4 {is a factor.} 9. Bg2 (9. Be2 $5 {looks best, and
may be white's most interesting try against 5...f6.}) 9... cxd4 (9... Qb6 $5)
10. Bxd4 Qe7+ 11. Kf1 O-O-O $44) 8... d4 9. Bd2 Qe7+ 10. Qe2 Qxe2+ 11. Kxe2 Be6
12. Re1 c4 13. Kf1 Kf7 14. dxc4 Bxc4+ 15. Kg1 Rd8 16. c3 dxc3 17. Bxc3 Bb4 18.
Nbd2 Bd5 19. Ne4 Bxe4 20. Rxe4 Bxc3 21. bxc3 Nge7 $11 {= Romanishin,O-Miezis,N/
Las Palmas 1996/Inf 69 was not dangerous for black.}) 6. Nbd2 Bg7 7. Nc4 Qc7 8.
a4 Nge7 9. Bg2 O-O (9... d5 $5) 10. e5 $1 b6 11. O-O Ba6 12. Re1 h6 13. Bd2
Rad8 14. Nd6 $1 Nf5 ({White's knight is more secure here than appears at first
sight, since the attempt to remove its support runs into the full sweep of
white's bishops} 14... Nxe5 $2 15. Nxe5 Qxd6 16. Bf4 {[%csl Rd6][%cal Yf4b8,
Yg2a8]}) 15. Nxf5 exf5 16. Bf4 Qc8 $5 {It is probably better to sit and suffer
a little, since the more direct try to gain space} (16... g5 $6 {offers white
a choice of fairly promising lines} 17. Bd2 (17. Bxg5 $5 hxg5 18. Nxg5 Nxe5 19.
Qh5 Rfe8 20. Bd5 $1 (20. Rxe5 $6 Qxe5 $1 (20... Rxe5 21. Qxf7+ Kh8 22. f4 $1)
21. Qxf7+ Kh8 22. Qh5+ $11) 20... Re7 21. f4 Qd6 22. Rxe5 Bxe5 23. fxe5 Qxe5
24. Bxf7+ Kf8 25. Nh7+ Kg7 26. Qg6+ Kh8 27. Nf6 Qe3+ 28. Kg2 $1 (28. Kf1 Qe2+
29. Kg1 Qe3+ $11) 28... Bb7+ 29. Kh3 Rxf7 30. Qxf7 Qh6+ 31. Qh5 Qxh5+ 32. Nxh5
$14) 17... Nxe5 18. Nxe5 Bxe5 19. Qh5 Bg7 20. h4 $44) 17. h4 $1 Rfe8 18. c3 Bb7
19. d4 Qa8 $1 20. h5 (20. d5 Na5 $1 $132 {[%csl Yc4]}) 20... Kh7 21. hxg6+ fxg6
22. a5 Nxa5 (22... cxd4 23. a6 $16) 23. dxc5 Qc8 24. b4 Nc6 25. Qd2 Re6 26.
cxb6 axb6 27. Rad1 Nb8 28. Nd4 Re7 29. Bxb7 Qxb7 30. Nb5 Rf8 31. Nd6 Qf3 32.
Re3 Qa8 33. Qd3 Nc6 34. b5 Nd8 35. Nc4 Qb7 36. Ree1 Nf7 37. Qd5 $14 {[%csl Rb6,
Re5]} Qxd5 38. Rxd5 Rb8 39. Be3 (39. e6 $6 Rb7 $1) 39... Nxe5 40. Nxe5 Bxe5 41.
Bxb6 Rxb6 42. Rdxe5 Rxe5 43. Rxe5 Kg7 44. c4 Kf6 45. Rd5 Ke6 46. Kg2 $14
1/2-1/2

[Event "RUS-chT 05th"]
[Site "Maikop"]
[Date "1998.06.11"]
[Round "9"]
[White "Svidler, Peter"]
[Black "Yakovich, Yuri"]
[Result "1/2-1/2"]
[WhiteElo "2690"]
[BlackElo "2570"]
[Annotator "Yakovich,Y"]
[PlyCount "54"]
[EventDate "1998.06.03"]
[EventType "team-tourn"]
[EventRounds "11"]
[EventCountry "RUS"]
[SourceTitle "CBM 066"]
[Source "ChessBase"]
[SourceDate "1998.09.30"]
[SourceVersion "1"]
[SourceVersionDate "1998.09.30"]
[SourceQuality "1"]
[WhiteTeam "Sankt Petersburg"]
[BlackTeam "Elista Uralan"]
[WhiteTeamCountry "RUS"]
[BlackTeamCountry "RUS"]

{[%mdl 64]} 1. e4 c5 2. Nf3 e6 3. d4 cxd4 4. Nxd4 Nc6 5. Nxc6 {Peter don't
like to compete in teoretical knowledge and postpone main events to the
middlegame} bxc6 6. Bd3 d5 7. O-O Nf6 8. Qe2 Be7 9. Nd2 O-O 10. c4 ({If white
play} 10. b3 {,black reply} a5 {[%cal Ra5a4,Ya8a1] and win temp in comparison
with game Spasski-Petrosian m1 Moskow 1969}) 10... Bb7 11. Rd1 Qc7 12. e5 Nd7
13. Nf3 c5 $1 14. cxd5 Bxd5 15. Bf4 {[%cal Yf3d2,Yd2e4,Yd2c4]} Qb7 $1 {Black
prevent 16.Nd2} 16. Ng5 $6 (16. b3 a5 $11) 16... Bxg5 17. Bxg5 Nxe5 $1 (17...
Bxg2 $4 18. Ba6 $18) 18. Qxe5 f6 19. Bxf6 $6 (19. Qg3 $142 fxg5 20. b3 $15)
19... gxf6 $1 20. Qh5 $1 (20. Qe2 $2 Bxg2 $1 21. Qxe6+ (21. Qg4+ Kh8 22. Qxg2
Rg8 $19) 21... Kh8 22. Ba6 Qg7 23. Rd7 Qg6 $19) 20... Rf7 $1 (20... Bxg2 21.
Qxh7+) 21. Bf1 $1 (21. f3 Qxb2 $17 (21... Rg7 22. Rd2 Bxf3 23. Bxh7+)) 21...
Qxb2 (21... Rg7 22. g3 $1 (22. Qh3 Qxb2 23. Rac1 c4 $1 24. g3 c3 $17) 22... Bf3
23. Qxc5 Bxd1 24. Rxd1 Qxb2 (24... Qb6 25. Qxb6 axb6 26. Bc4 Re7 27. Rd6) (
24... Rd7 $11) 25. Bc4 $1 $11 (25. Qc6) 25... Re8 $6 (25... Kh8 26. Bxe6 $11)
26. Bxe6+ Rxe6 $4 27. Rd8+ Kf7 28. Qh5+) 22. Rac1 Qxa2 (22... Qb4 23. Rxd5 $1
exd5 24. Qxd5 $11) 23. Rxc5 Raf8 24. Rdc1 {[%cal Yf1c4] White want to change
bishops. After this black will have many weaknesses and they might not be able
to realize extra pawn.} Qd2 25. g3 $1 {[%cal Yf1g2]} Qg5 26. Qe2 Qe5 (26... f5
27. Bg2 f4 $2 28. Qxe6) 27. Qd3 $1 (27. Qxe5 fxe5 $17) 27... Rd7 {28.Bg2=}
1/2-1/2